Nimeä Videopeli - Statistics

Yleistilastot
  • Tätä visaa on pelattu 75 kertaa
  • Keskiarvotulos 9 / 20
Vastaustilastot
Kuvavisa Vastaus % Oikein
Minecraft
89%
Grand theft auto V
84%
Fortnite
82%
Ea fc 25
77%
Nhl 25
71%
Red dead redemption 2
69%
Overwatch
52%
Apex legends
47%
The legend of Zelda breath of the wild
47%
God of war
37%
Counter strike global offensive 2
35%
Elden ring
35%
The Witcher 3 Wild Hunt
32%
Terraria
27%
Assassin’s Creed IV Black Flag
21%
Uncharted 4 A Thief’s End
18%
Hollow knight
13%
Dark souls 3
11%
Bloodborne
10%
Sekiro Shadows Die Twice
6%
Ehtoja vastaavia visoja ei löytynyt
Tulosjakauma
Jokaisen tuloksen saaneiden osuus
Persentiili vastausten määrän mukaan
Tuloshistoriasi
Et ole pelannut tätä visaa